[Event "Barcelona City op 24th"]
[Site "Barcelona"]
[Date "2019.10.01"]
[Round "5"]
[White "Herraiz Hidalgo, Herminio"]
[Black "Semenov, Dmitri"]
[Result "0-1"]
[WhiteElo "2410"]
[BlackElo "2366"]
[PlyCount "68"]
[EventDate "2019.09.27"]
[EventType "swiss"]
[EventRounds "9"]
[EventCountry "ESP"]
[SourceTitle "EXT 2020"]
[Source "ChessBase"]
[SourceDate "2019.10.17"]
[SourceVersion "1"]
[SourceVersionDate "2019.10.17"]
[SourceQuality "1"]

1. Nf3 d5 2. g3 Nf6 3. Bg2 Nbd7 4. d4 e6 5. 0-0 Be7 6. c4 0-0 7. Qc2 c6 8. Rd1 b6 9. b3 Ba6 10. Nbd2 Rc8 11. e4 c5 12. e5 Ne8 13. cxd5 exd5 14. Qf5 g6 15. Qh3 Ng7 16. dxc5 Nxc5 17. Nc4 Ne4 18. Be3 h5 19. Rac1 Rxc4 20. bxc4 Bc8 21. cxd5 Bxh3 22. Bxh3 Bc5 23. Rc4 Bxe3 24. fxe3 Nc5 25. e4 Nge6 26. Bg2 Ng5 27. Nd4 Qd7 28. Nc6 Qg4 29. Rf1 Qe2 30. Rd4 Qe3+ 31. Kh1 Ngxe4 32. Bxe4 Nxe4 33. d6 Nf2+ 34. Kg2 Ng4 0-1

[Event "Barcelona City op 24th"]
[Site "Barcelona"]
[Date "2019.09.29"]
[Round "3"]
[White "Herraiz Hidalgo, Herminio"]
[Black "Nebolsina, Vera"]
[Result "1/2-1/2"]
[WhiteElo "2410"]
[BlackElo "2252"]
[PlyCount "27"]
[EventDate "2019.09.27"]
[EventType "swiss"]
[EventRounds "9"]
[EventCountry "ESP"]
[SourceTitle "EXT 2020"]
[Source "ChessBase"]
[SourceDate "2019.10.17"]
[SourceVersion "1"]
[SourceVersionDate "2019.10.17"]
[SourceQuality "1"]

1. Nf3 g6 2. d4 Nf6 3. g3 Bg7 4. Bg2 d6 5. 0-0 0-0 6. a4 a5 7. c3 Nbd7 8. Na3 c6 9. Re1 d5 10. c4 e6 11. b3 Ne4 12. Bb2 f5 13. e3 g5 14. Ra2 1/2-1/2

[Event "Barbera del Valles op 41st"]
[Site "Barbera del Valles"]
[Date "2018.07.09"]
[Round "6"]
[White "Herraiz Hidalgo, Herminio"]
[Black "Porta Tovar, Guillem"]
[Result "1-0"]
[WhiteElo "2421"]
[BlackElo "2160"]
[PlyCount "69"]
[EventDate "2018.07.04"]
[EventType "swiss"]
[EventRounds "9"]
[EventCountry "ESP"]
[SourceTitle "CBM 185 Extra"]
[Source "ChessBase"]
[SourceDate "2018.07.29"]
[SourceVersion "1"]
[SourceVersionDate "2018.07.29"]
[SourceQuality "1"]

1. Nf3 Nf6 2. g3 g6 3. Bg2 Bg7 4. 0-0 0-0 5. d4 d6 6. Re1 c5 7. dxc5 dxc5 8. Qxd8 Rxd8 9. c3 Nc6 10. Be3 Nd7 11. Nfd2 Rb8 12. Nb3 c4 13. N3d2 Nde5 14. h3 Be6 15. Na3 Na5 16. Bxa7 Rxd2 17. Bxb8 Rxb2 18. Rab1 Rxa2 19. Nb5 Nec6 20. Bc7 Nb3 21. Bb6 Rc2 22. Be4 Ra2 23. Rbd1 Bxh3 24. Bxc6 bxc6 25. Rd8+ Bf8 26. Be3 Kg7 27. Nd4 c5 28. Nxb3 cxb3 29. Bxc5 b2 30. c4 e5 31. Bxf8+ Kf6 32. Rdd1 Be6 33. Bb4 Bxc4 34. Bc3 Bxe2 35. Rb1 1-0

[Event "Barbera del Valles op 41st"]
[Site "Barbera del Valles"]
[Date "2018.07.06"]
[Round "3"]
[White "Cespedes Llaverias, Llibert"]
[Black "Herraiz Hidalgo, Herminio"]
[Result "1/2-1/2"]
[WhiteElo "1886"]
[BlackElo "2421"]
[PlyCount "42"]
[EventDate "2018.07.04"]
[EventType "swiss"]
[EventRounds "9"]
[EventCountry "ESP"]
[SourceTitle "CBM 185 Extra"]
[Source "ChessBase"]
[SourceDate "2018.07.29"]
[SourceVersion "1"]
[SourceVersionDate "2018.07.29"]
[SourceQuality "1"]

1. e4 c5 2. Nf3 Nc6 3. Bb5 Nf6 4. e5 Nd5 5. 0-0 Nc7 6. Bxc6 dxc6 7. Re1 Bf5 8. Nc3 e6 9. d3 h6 10. h3 Be7 11. Qe2 Nb5 12. Nxb5 cxb5 13. b3 0-0 14. Bb2 a5 15. a4 Qd7 16. Nd2 bxa4 17. bxa4 b5 18. axb5 Qxb5 19. Bc3 a4 20. Reb1 Qc6 21. Nc4 Bd8 1/2-1/2

[Event "Montcada op-A 24th"]
[Site "Montcada"]
[Date "2016.06.26"]
[Round "2"]
[White "Le Ruyet, Leopold"]
[Black "Herraiz Hidalgo, Herminio"]
[Result "1/2-1/2"]
[WhiteElo "2220"]
[BlackElo "2437"]
[PlyCount "109"]
[EventDate "2016.06.25"]
[EventType "swiss"]
[EventRounds "9"]
[EventCountry "ESP"]
[EventCategory "8"]
[SourceTitle "CBM 173 Extra"]
[Source "ChessBase"]
[SourceDate "2016.08.29"]
[SourceVersion "1"]
[SourceVersionDate "2016.08.29"]
[SourceQuality "1"]

1. Nf3 Nf6 2. g3 g6 3. Bg2 Bg7 4. 0-0 0-0 5. d4 d6 6. Re1 c5 7. dxc5 dxc5 8. Qxd8 Rxd8 9. c3 Na6 10. Ne5 Ne8 11. Nc4 Rb8 12. Bf4 Nac7 13. Nba3 b6 14. Rad1 Be6 15. Bc6 Rbc8 16. Bb7 Rb8 17. Bf3 Rbc8 18. e4 Kf8 19. h4 b5 20. Ne5 b4 21. cxb4 cxb4 22. Nc2 b3 23. axb3 Bxb3 24. Rxd8 Rxd8 25. Nb4 Bxe5 26. Bxe5 Nb5 27. Nc6 Rd7 28. Be2 Ned6 29. h5 f6 30. Bf4 g5 31. Be3 Nc4 32. Bxc4 Bxc4 33. Ra1 Be2 34. Nxa7 Nxa7 35. Bxa7 Bxh5 36. Kg2 Bg6 37. Kf3 Rb7 38. Bd4 Rb4 39. Ke3 g4 40. Ra8+ Kf7 41. Ra7 Kf8 42. Ra8+ Kf7 43. Ra7 Kf8 44. Kd3 Rb3+ 45. Bc3 h5 46. Kc4 Bf7+ 47. Kd4 Rb8 48. e5 fxe5+ 49. Kxe5 Rb5+ 50. Kf4 Bg6 51. Be5 Kf7 52. Ra6 Bd3 53. Rc6 Bg6 54. Ra6 Bd3 55. Rc6 1/2-1/2

[Event "Catalunya-chT Gp1"]
[Site "Barcelona"]
[Date "2015.01.24"]
[Round "1.3"]
[White "Herraiz Hidalgo, Herminio"]
[Black "Gonzalez Rodriguez, Jorge Armando"]
[Result "1/2-1/2"]
[WhiteElo "2442"]
[BlackElo "2372"]
[PlyCount "98"]
[EventDate "2015.01.24"]
[EventType "team-tourn"]
[EventRounds "7"]
[EventCountry "ESP"]
[SourceTitle "CBM 164 Extra"]
[Source "ChessBase"]
[SourceDate "2015.03.02"]
[SourceVersion "1"]
[SourceVersionDate "2015.03.02"]
[SourceQuality "1"]
[WhiteTeam "Catalunya"]
[BlackTeam "Figueres"]
[WhiteTeamCountry "ESP"]
[BlackTeamCountry "ESP"]

1. d4 Nf6 2. c4 c5 3. Nf3 cxd4 4. Nxd4 Nc6 5. Nc3 g6 6. e4 d6 7. Be2 Nxd4 8. Qxd4 Bg7 9. Be3 0-0 10. Qd2 a6 11. f3 Be6 12. Rc1 Qa5 13. b3 Rfc8 14. Na4 Qxd2+ 15. Kxd2 Nd7 16. g4 f5 17. gxf5 gxf5 18. Rhg1 Kh8 19. exf5 Bxf5 20. f4 Rab8 21. Ba7 Bh6 22. Rcf1 Ra8 23. Bd4+ e5 24. Be3 Re8 25. Rg3 Bg6 26. f5 Bxe3+ 27. Kxe3 Bf7 28. Rd1 d5 29. cxd5 Rac8 30. d6 b5 31. Nb2 Rc2 32. Rd2 Rxd2 33. Kxd2 Nc5 34. Ke1 Rd8 35. Nd3 Nxd3+ 36. Rxd3 Kg7 37. d7 Kf6 38. Rd6+ Kxf5 39. Rxa6 Rxd7 40. Bxb5 Rd4 41. Ra4 Rd6 42. Ra6 Rd4 43. Bc6 Kf4 44. Ra4 Ke3 45. Ra5 Kf4 46. Ra4 Ke3 47. Ra5 Kf4 48. Ra4 Ke3 49. Ra5 Kf4 1/2-1/2

[Event "Amposta Balague Memorial 1st"]
[Site "Amposta"]
[Date "2014.07.26"]
[Round "5"]
[White "Gomez Jurado, Luis Alberto"]
[Black "Herraiz Hidalgo, Herminio"]
[Result "1-0"]
[WhiteElo "2302"]
[BlackElo "2446"]
[PlyCount "43"]
[EventDate "2014.07.24"]
[EventType "swiss"]
[EventRounds "7"]
[EventCountry "ESP"]
[SourceTitle "CBM 161 Extra"]
[Source "ChessBase"]
[SourceDate "2014.08.29"]
[SourceVersion "1"]
[SourceVersionDate "2014.08.29"]
[SourceQuality "1"]

1. c4 g6 2. g3 Bg7 3. Bg2 d6 4. Nc3 Nf6 5. e4 c5 6. a3 Nc6 7. Rb1 0-0 8. b4 Ng4 9. Nd5 f5 10. f4 Bd4 11. Ne3 e5 12. b5 Ne7 13. exf5 gxf5 14. Ne2 Ng6 15. 0-0 exf4 16. Nxf4 Nxf4 17. Rxf4 Qe7 18. Bd5+ Be6 19. Rxg4+ fxg4 20. Qxg4+ Kf7 21. Qf5+ Bf6 22. Bb2 1-0

[Event "Amposta Balague Memorial 1st"]
[Site "Amposta"]
[Date "2014.07.24"]
[Round "1"]
[White "Arjol Lopez, Daniel"]
[Black "Herraiz Hidalgo, Herminio"]
[Result "0-1"]
[WhiteElo "1520"]
[BlackElo "2446"]
[PlyCount "58"]
[EventDate "2014.07.24"]
[EventType "swiss"]
[EventRounds "7"]
[EventCountry "ESP"]
[SourceTitle "CBM 161 Extra"]
[Source "ChessBase"]
[SourceDate "2014.08.29"]
[SourceVersion "1"]
[SourceVersionDate "2014.08.29"]
[SourceQuality "1"]

1. d4 Nf6 2. c4 g6 3. Nc3 Bg7 4. Nf3 d6 5. e4 0-0 6. h3 e5 7. d5 a5 8. Be2 Na6 9. Be3 Nd7 10. g4 Ndc5 11. Nd2 f5 12. f3 Bh6 13. Bxh6 Qh4+ 14. Kf1 Qxh6 15. Kg2 Bd7 16. Nb3 fxe4 17. Nxe4 Nxe4 18. fxe4 Qe3 19. Bf3 a4 20. Nd2 Qd4 21. Qc2 a3 22. Nb3 Qe3 23. Qe2 Qxe2+ 24. Bxe2 Nb4 25. bxa3 Rxa3 26. Rhc1 b6 27. Nd2 Rfa8 28. Nb1 Re3 29. Nc3 Ra3 0-1

[Event "Montcada op 22nd"]
[Site "Montcada"]
[Date "2014.07.01"]
[Round "7"]
[White "Herraiz Hidalgo, Herminio"]
[Black "Teh, Eu Wen Aron"]
[Result "0-1"]
[WhiteElo "2446"]
[BlackElo "2228"]
[PlyCount "78"]
[EventDate "2014.06.25"]
[EventType "swiss"]
[EventRounds "9"]
[EventCountry "ESP"]
[SourceTitle "CBM 161 Extra"]
[Source "ChessBase"]
[SourceDate "2014.08.29"]
[SourceVersion "1"]
[SourceVersionDate "2014.08.29"]
[SourceQuality "1"]

1. d4 Nf6 2. c4 e6 3. Nc3 Bb4 4. Bg5 h6 5. Bh4 0-0 6. e3 b6 7. Bd3 Bb7 8. Nf3 d6 9. 0-0 Bxc3 10. bxc3 Nbd7 11. Nd2 e5 12. f3 Re8 13. e4 Qe7 14. Re1 Nf8 15. Bf2 Ne6 16. Bf1 Kh7 17. a4 a5 18. Qb3 Nd7 19. g3 g6 20. Bg2 Rf8 21. Rad1 Rae8 22. c5 dxc5 23. d5 Ng7 24. d6 Qxd6 25. Nc4 Qc6 26. Bf1 Rd8 27. Rd2 Ne6 28. Red1 Ba6 29. Nxa5 bxa5 30. Bxa6 Qxa6 31. Rxd7 Qe2 32. Rxd8 Rxd8 33. Rxd8 Nxd8 34. Kg2 Ne6 35. h4 Qd3 36. Be1 g5 37. Qd5 Qe2+ 38. Bf2 gxh4 39. Qxe5 h3+ 0-1

[Event "Montcada op 22nd"]
[Site "Montcada"]
[Date "2014.06.30"]
[Round "6"]
[White "Sagar, Shah"]
[Black "Herraiz Hidalgo, Herminio"]
[Result "1/2-1/2"]
[WhiteElo "2309"]
[BlackElo "2446"]
[PlyCount "51"]
[EventDate "2014.06.25"]
[EventType "swiss"]
[EventRounds "9"]
[EventCountry "ESP"]
[SourceTitle "CBM 161 Extra"]
[Source "ChessBase"]
[SourceDate "2014.08.29"]
[SourceVersion "1"]
[SourceVersionDate "2014.08.29"]
[SourceQuality "1"]

1. d4 d5 2. c4 e6 3. Nc3 Be7 4. Nf3 Nf6 5. Bg5 0-0 6. cxd5 Nxd5 7. Bxe7 Qxe7 8. Rc1 b6 9. Nxd5 exd5 10. e3 Qb4+ 11. Qd2 Qxd2+ 12. Kxd2 c6 13. Bd3 Bb7 14. Rc3 Rd8 15. a4 Nd7 16. Bf5 Nf6 17. b4 a5 18. Rb1 axb4 19. Rxb4 Bc8 20. Bd3 Ne4+ 21. Bxe4 dxe4 22. Ne5 c5 23. Rxb6 cxd4 24. Rc4 dxe3+ 25. Kxe3 Re8 26. Nc6 1/2-1/2

[Event "Catalunya-chT Honor"]
[Site "Catalunya"]
[Date "2013.04.13"]
[Round "11.3"]
[White "Delorme, Axel"]
[Black "Herraiz Hidalgo, Herminio"]
[Result "1/2-1/2"]
[WhiteElo "2471"]
[BlackElo "2488"]
[PlyCount "66"]
[EventDate "2013.01.19"]
[EventType "team-tourn"]
[EventRounds "11"]
[EventCountry "ESP"]
[SourceTitle "EXT 2014"]
[Source "ChessBase"]
[SourceDate "2013.11.20"]
[SourceVersion "1"]
[SourceVersionDate "2013.11.20"]
[SourceQuality "1"]
[WhiteTeam "Barcelona Uga"]
[BlackTeam "Montcada"]
[WhiteTeamCountry "ESP"]
[BlackTeamCountry "ESP"]

1. d4 Nf6 2. c4 g6 3. Nf3 Bg7 4. g3 c5 5. d5 d6 6. Nc3 0-0 7. Bg2 e6 8. 0-0 exd5 9. cxd5 Na6 10. h3 Re8 11. Nd2 Nc7 12. Nc4 b5 13. Nxd6 Qxd6 14. Bf4 Qd7 15. d6 Ne6 16. Bxa8 Nxf4 17. gxf4 b4 18. Na4 Qxh3 19. Bg2 Qh4 20. Qd3 Qxf4 21. Rad1 Ng4 22. Qg3 Qxg3 23. fxg3 Bd4+ 24. Rxd4 cxd4 25. Rf4 Rxe2 26. Rxd4 Re1+ 27. Bf1 Rc1 28. Rxb4 Ne3 29. Rf4 Rd1 30. Nc3 Rxd6 31. Be2 Be6 32. Kf2 Nd5 33. Ra4 Nxc3 1/2-1/2

[Event "Montcada 1st"]
[Site "Montcada"]
[Date "2013.03.17"]
[Round "8"]
[White "Gomez Jurado, Luis Alberto"]
[Black "Herraiz Hidalgo, Herminio"]
[Result "1/2-1/2"]
[WhiteElo "2255"]
[BlackElo "2476"]
[PlyCount "46"]
[EventDate "2013.02.15"]
[EventType "tourn"]
[EventRounds "9"]
[EventCountry "ESP"]
[EventCategory "6"]
[SourceTitle "CBM 153 Extra"]
[Source "ChessBase"]
[SourceDate "2013.04.22"]
[SourceVersion "1"]
[SourceVersionDate "2013.04.22"]
[SourceQuality "1"]

1. c4 Nf6 2. g3 g6 3. Bg2 Bg7 4. Nc3 d6 5. e4 c5 6. Nge2 Nc6 7. d3 0-0 8. 0-0 a6 9. h3 e5 10. Be3 Rb8 11. a4 Bd7 12. f4 Nd4 13. fxe5 dxe5 14. a5 b5 15. axb6 Rxb6 16. Bg5 Rxb2 17. Rxa6 Be6 18. Rf2 h6 19. Bxf6 Bxf6 20. Nd5 Bxd5 21. exd5 Bg5 22. Nxd4 Rxf2 23. Kxf2 exd4 1/2-1/2

[Event "Montcada 1st"]
[Site "Montcada"]
[Date "2013.03.10"]
[Round "6"]
[White "Camacho Collados, Jose"]
[Black "Herraiz Hidalgo, Herminio"]
[Result "1-0"]
[WhiteElo "2330"]
[BlackElo "2476"]
[PlyCount "101"]
[EventDate "2013.02.15"]
[EventType "tourn"]
[EventRounds "9"]
[EventCountry "ESP"]
[EventCategory "6"]
[SourceTitle "CBM 153 Extra"]
[Source "ChessBase"]
[SourceDate "2013.04.22"]
[SourceVersion "1"]
[SourceVersionDate "2013.04.22"]
[SourceQuality "1"]

1. Nf3 Nf6 2. g3 g6 3. Bg2 Bg7 4. c4 d5 5. cxd5 Nxd5 6. d4 0-0 7. 0-0 Nc6 8. Nc3 Nb6 9. d5 Na5 10. Qc2 c6 11. dxc6 Nxc6 12. Rd1 Qe8 13. Qe4 Bf5 14. Qh4 f6 15. g4 Be6 16. b3 Rd8 17. Bb2 Nd5 18. e3 Ndb4 19. Ne2 Qf7 20. Nfd4 Nxd4 21. Nxd4 Bd5 22. e4 e5 23. exd5 exd4 24. Bxd4 Nxd5 25. Qg3 b6 26. Bb2 g5 27. Qd3 Nb4 28. Qxd8 Rxd8 29. Rxd8+ Bf8 30. a3 Qe7 31. Rxf8+ Kxf8 32. axb4 Qe2 33. Bxf6 Qxg4 34. h3 Qf4 35. Bb2 h5 36. Rxa7 Qd2 37. Bg7+ Kg8 38. Bf3 g4 39. hxg4 hxg4 40. Bxg4 Qg5 41. f3 Qe3+ 42. Kf1 Qd3+ 43. Kf2 Qd2+ 44. Kg3 Qe1+ 45. Kg2 b5 46. Bd4 Qd2+ 47. Bf2 Qxb4 48. Be6+ Kf8 49. Be3 Qd6 50. Bh6+ Ke8 51. Ra8+ 1-0

[Event "Montcada 1st"]
[Site "Montcada"]
[Date "2013.02.17"]
[Round "2"]
[White "Martinez Ramirez, Erik"]
[Black "Herraiz Hidalgo, Herminio"]
[Result "1/2-1/2"]
[WhiteElo "2302"]
[BlackElo "2476"]
[PlyCount "103"]
[EventDate "2013.02.15"]
[EventType "tourn"]
[EventRounds "9"]
[EventCountry "ESP"]
[EventCategory "6"]
[SourceTitle "CBM 153 Extra"]
[Source "ChessBase"]
[SourceDate "2013.04.22"]
[SourceVersion "1"]
[SourceVersionDate "2013.04.22"]
[SourceQuality "1"]

1. e4 e5 2. Nf3 Nc6 3. d4 exd4 4. Nxd4 Bc5 5. Nxc6 Qf6 6. Qf3 bxc6 7. Bc4 d6 8. Nd2 Qxf3 9. gxf3 Ne7 10. Nb3 Bb6 11. Be3 Be6 12. Ba6 0-0 13. 0-0-0 Rab8 14. Rhg1 Bxe3+ 15. fxe3 Rb6 16. Bd3 Rfb8 17. f4 c5 18. f5 Bxb3 19. axb3 Nc6 20. Kd2 Ne5 21. Kc3 c6 22. Ra1 R6b7 23. Ra4 Rd8 24. Rga1 Rdd7 25. b4 cxb4+ 26. Rxb4 Rxb4 27. Kxb4 Kf8 28. h3 Ke7 29. Kc3 g5 30. b4 Kf6 31. b5 cxb5 32. Bxb5 Rc7+ 33. Kd2 h5 34. Be2 g4 35. hxg4 hxg4 36. c4 Nxc4+ 37. Bxc4 Rxc4 38. Rxa7 Rxe4 39. Rd7 g3 40. Ke2 g2 41. Rxd6+ Kxf5 42. Kf2 Rg4 43. Rd5+ Ke6 44. Rd1 Ke5 45. Kg1 f5 46. Rd2 Rg3 47. Rxg2 Rxe3 48. Rh2 Rb3 49. Kf2 Kf4 50. Rh4+ Kg5 51. Rc4 f4 52. Rc8 1/2-1/2

[Event "Montcada 1st"]
[Site "Montcada"]
[Date "2013.02.15"]
[Round "1"]
[White "Perez Mitjans, Orelvis"]
[Black "Herraiz Hidalgo, Herminio"]
[Result "1/2-1/2"]
[WhiteElo "2487"]
[BlackElo "2476"]
[PlyCount "28"]
[EventDate "2013.02.15"]
[EventType "tourn"]
[EventRounds "9"]
[EventCountry "ESP"]
[EventCategory "6"]
[SourceTitle "CBM 153 Extra"]
[Source "ChessBase"]
[SourceDate "2013.04.22"]
[SourceVersion "1"]
[SourceVersionDate "2013.04.22"]
[SourceQuality "1"]

1. e4 c5 2. Nf3 Nc6 3. Bb5 g6 4. 0-0 Bg7 5. c3 Nf6 6. Qa4 a6 7. Re1 Na5 8. Bf1 b5 9. Qd1 Bb7 10. e5 Nd5 11. d4 cxd4 12. cxd4 Rc8 13. a4 Rxc1 14. Qxc1 Nb3 1/2-1/2

[Event "Seville op 38th"]
[Site "Seville"]
[Date "2013.01.13"]
[Round "3"]
[White "Herraiz Hidalgo, Herminio"]
[Black "Sgnaolin, Davide"]
[Result "1/2-1/2"]
[WhiteElo "2488"]
[BlackElo "2269"]
[PlyCount "58"]
[EventDate "2013.01.11"]
[EventType "swiss"]
[EventRounds "9"]
[EventCountry "ESP"]
[SourceTitle "CBM 152 Extra"]
[Source "ChessBase"]
[SourceDate "2013.02.25"]
[SourceVersion "1"]
[SourceVersionDate "2013.02.25"]
[SourceQuality "1"]

1. d4 Nf6 2. c4 e6 3. Nc3 Bb4 4. Qc2 0-0 5. a3 Bxc3+ 6. Qxc3 d5 7. Bg5 c5 8. dxc5 d4 9. Qc2 h6 10. Bd2 e5 11. e4 a5 12. Rb1 a4 13. Bd3 Nbd7 14. Bb4 Re8 15. Nf3 Qc7 16. c6 bxc6 17. c5 Nf8 18. Nd2 Be6 19. f3 Nh5 20. g3 g6 21. 0-0 Qe7 22. Rf2 Red8 23. Kh1 g5 24. Rg1 Qf6 25. b3 axb3 26. Nxb3 Bxb3 27. Qxb3 Ng7 28. Rc1 Nge6 29. Qd1 Kg7 1/2-1/2

[Event "Montcada op 20th"]
[Site "Montcada"]
[Date "2012.07.02"]
[Round "8"]
[White "Guerra Mendez, Jose Angel"]
[Black "Herraiz Hidalgo, Herminio"]
[Result "0-1"]
[WhiteElo "2434"]
[BlackElo "2489"]
[PlyCount "88"]
[EventDate "2012.06.25"]
[EventType "swiss"]
[EventRounds "9"]
[EventCountry "ESP"]
[SourceTitle "CBM 149 Extra"]
[Source "ChessBase"]
[SourceDate "2012.08.24"]
[SourceVersion "1"]
[SourceVersionDate "2012.08.24"]
[SourceQuality "1"]

1. e4 e6 2. d4 d5 3. Nc3 Nf6 4. e5 Nfd7 5. f4 c5 6. Nf3 Nc6 7. Ne2 Qb6 8. c3 f6 9. a3 Be7 10. b4 cxd4 11. cxd4 0-0 12. Qd3 Qc7 13. Nc3 fxe5 14. dxe5 a5 15. b5 Nc5 16. Qc2 d4 17. Nd1 d3 18. Bxd3 Nxd3+ 19. Qxd3 Na7 20. Be3 Qd7 21. Qxd7 Bxd7 22. a4 Bb4+ 23. Ke2 Nc8 24. Rc1 Ne7 25. Rc7 Rfd8 26. Rxb7 Nd5 27. g3 Be8 28. Bd4 Bg6 29. Nf2 Rac8 30. Ra1 Bh5 31. g4 Nxf4+ 32. Kf1 Bg6 33. h4 h5 34. Bb6 Rf8 35. Ng5 hxg4 36. Nxg4 Nd5+ 37. Bf2 Bf5 38. Nh2 Rc2 39. Nhf3 Bg4 40. Kg2 Bxf3+ 41. Nxf3 Bc5 42. Ng5 Rfxf2+ 43. Kg3 Rc3+ 44. Kg4 Rg2+ 0-1

[Event "Montcada op 20th"]
[Site "Montcada"]
[Date "2012.06.30"]
[Round "6"]
[White "Palit, Somak"]
[Black "Herraiz Hidalgo, Herminio"]
[Result "1/2-1/2"]
[WhiteElo "2393"]
[BlackElo "2489"]
[PlyCount "83"]
[EventDate "2012.06.25"]
[EventType "swiss"]
[EventRounds "9"]
[EventCountry "ESP"]
[SourceTitle "CBM 149 Extra"]
[Source "ChessBase"]
[SourceDate "2012.08.24"]
[SourceVersion "1"]
[SourceVersionDate "2012.08.24"]
[SourceQuality "1"]

1. e4 c5 2. Nf3 Nc6 3. Bc4 g6 4. c3 Nf6 5. e5 d5 6. Bb5 Nd7 7. d4 Bg7 8. 0-0 0-0 9. Qe2 cxd4 10. cxd4 Nb6 11. Be3 f6 12. h3 fxe5 13. Nxe5 Nxe5 14. dxe5 a6 15. Bd3 d4 16. Rd1 Qd5 17. Na3 Be6 18. Bg5 Rae8 19. Rac1 Bf5 20. f4 h6 21. Bh4 Bxd3 22. Qxd3 Rxf4 23. Qxg6 Qf7 24. Qxb6 Rxh4 25. Rxd4 Rxd4 26. Qxd4 Qxa2 27. Qd7 Rf8 28. Qxb7 Qe6 29. Nc4 Bxe5 30. Nxe5 Qxe5 31. Rc3 Rf6 32. Qb3+ Qe6 33. Rg3+ Kf7 34. Qd3 Qe5 35. Qb3+ Qe6 36. Qc2 Qe1+ 37. Kh2 Qe5 38. Qb3+ Ke8 39. Qg8+ Kd7 40. Qg4+ Kc7 41. Qg7 Kd7 42. Qg4+ 1/2-1/2

[Event "Montcada op 20th"]
[Site "Montcada"]
[Date "2012.06.29"]
[Round "5"]
[White "Herraiz Hidalgo, Herminio"]
[Black "Pardo Simon, David"]
[Result "1/2-1/2"]
[WhiteElo "2489"]
[BlackElo "2421"]
[PlyCount "31"]
[EventDate "2012.06.25"]
[EventType "swiss"]
[EventRounds "9"]
[EventCountry "ESP"]
[SourceTitle "CBM 149 Extra"]
[Source "ChessBase"]
[SourceDate "2012.08.24"]
[SourceVersion "1"]
[SourceVersionDate "2012.08.24"]
[SourceQuality "1"]

1. d4 d5 2. c4 dxc4 3. e3 c5 4. Bxc4 cxd4 5. Nf3 Qc7 6. Bb3 dxe3 7. Bxe3 Nf6 8. Nc3 e6 9. 0-0 Nc6 10. Nb5 Qa5 11. Nd6+ Bxd6 12. Qxd6 Ne4 13. Qf4 Nf6 14. Qd6 Ne4 15. Qf4 Nf6 16. Qd6 1/2-1/2

[Event "Montcada op 20th"]
[Site "Montcada"]
[Date "2012.06.27"]
[Round "3"]
[White "Herraiz Hidalgo, Herminio"]
[Black "Montanes Arribas, Adrian"]
[Result "1-0"]
[WhiteElo "2489"]
[BlackElo "2210"]
[PlyCount "55"]
[EventDate "2012.06.25"]
[EventType "swiss"]
[EventRounds "9"]
[EventCountry "ESP"]
[SourceTitle "CBM 149 Extra"]
[Source "ChessBase"]
[SourceDate "2012.08.24"]
[SourceVersion "1"]
[SourceVersionDate "2012.08.24"]
[SourceQuality "1"]

1. d4 Nf6 2. c4 Nc6 3. Nf3 e6 4. a3 d6 5. Nc3 g6 6. e4 Bg7 7. h3 0-0 8. Be2 Re8 9. 0-0 e5 10. dxe5 dxe5 11. Qxd8 Nxd8 12. Be3 c6 13. Rfd1 Nd7 14. b4 f6 15. c5 Nf8 16. Nd2 Nf7 17. Nb3 Bh6 18. Bxh6 Nxh6 19. b5 Ne6 20. Bc4 Nf7 21. Rab1 Ned8 22. bxc6 bxc6 23. Na5 Kg7 24. Bxf7 Kxf7 25. Rd6 Ne6 26. Rxc6 Bd7 27. Rb7 Red8 28. Nd5 1-0